Statistiques concernant Histoire de la médecine : antiquité

Cliquez ici pour prendre le quiz!

Statistiques générales

  • Ce quiz a été pris 18 fois
  • Le résultat moyen est 3 sur 15

Statistiques - réponses

HintRéponse% Correct
qui est à l'origine du mythe de la caverne ?Platon
88%
Qui a ressuscité les Hommes et donc menacé le monopole des dieux sur l'immortalitéAsclépios
38%
Comment étaient perçues la maladie et la mort dans l'ancien testament ?punition
25%
Qui était astrologue architecte et médecin ?Imhotep
19%
dieu guérisseur égyptien, dieu médecinHorus
13%
quel mythe présente un monde du visible qui s'oppose en tout point à l'apparition de théories nouvelles qui viennent contredire les dogmes ( Histoire des sciences ) ?mythe de la caverne
13%
Période en Egypte-3100 à -2750 avant J.-C.
6%
Quel pharaon était thaumaturge ?Djeser
6%
que traduit le don du feu ( mythe de prométhée )don des sciences et des techniques
6%
que devaient trouver les médecins pour que le patient guérisse après prières offrandes et sacrificesfaute initiale
6%
On disait dans la tradition judéo-chrétienne que la maladie touche les hommes...fautifs
6%
dans quel mythe est-il expliqué que même si les progrès techniques nous permettent de dépasser notre condition, il ne faut pas transgresser les limites de toutes actions ?mythe d'Icare
6%
Quel papyrus concentre les connaissances antérieures et formule plusieurs centaines d'entités pathologiques et des prescriptions médicales ?papyrus d'Ebers
6%
donnez les 4 humeurs selon Hippocratessang flegme bile jaune bile noire
6%
Comment était la pensée médicale qui s'est développée en Egypte ?théorisée et organisée
6%

Distribution des résultats

Percentile par nombre de réponses

% des personnes avec chaque résultat

Votre développement - résultats

Vous n’avez pas pris ce quiz